000 00593nam a2200217Ia 4500
005 20220929150845.0
008 131103s9999 xx 000 0 und d
040 _aLoreto College
041 _aEnglish
082 _a150.287
_bCRO
100 _aCronbach, Lee J.
245 _aEssentials of psychological testing
_cLee J. Cronbach
250 _a3rd ed.
260 _aNew York
_bHarper International
_c1949c
300 _axxx,752p
504 _aIncludes bibliographical references and index
650 _aPsychological Tests
651 _aPsychology
850 _aLCLIB
942 _cBK
999 _c19213
_d69692